Manual teórico-práctico de calefacción, ventilación, acondicionamiento, instalaciones sanitarias / (Record no. 136330)

MARC details
000 -LEADER
campo de control de longitud fija 00734nam a2200193 i 4500
001 - NÚMERO DE CONTROL
campo de control 136330
003 - IDENTIFICADOR DE NÚMERO DE CONTROL
campo de control ES-MaACL
005 - FECHA Y HORA DE LA ÚLTIMA TRANSACCIÓN
campo de control 20230906195106.0
007 - CAMPO FIJO DE DESCRIPCIÓN FÍSICA--INFORMACIÓN GENERAL
campo de control de longitud fija t|
008 - DATOS DE LONGITUD FIJA--INFORMACIÓN GENERAL
campo de control de longitud fija 070214s1954 sp r ||||1| spa d
100 1# - ENTRADA PRINCIPAL--NOMBRE DE PERSONA
Nombre de persona Rumor, C.
9 (RLIN) 100994
245 10 - MENCIÓN DEL TÍTULO
Título Manual teórico-práctico de calefacción, ventilación, acondicionamiento, instalaciones sanitarias /
Mención de responsabilidad, etc. C. Rumor y G. Strohmenger ; traducción de la sexta edición en italiano por Ramón Fortet Gay.
260 ## - PUBLICACIÓN, DISTRIBUCIÓN, ETC.
Lugar de publicación, distribución, etc. Barcelona :
Nombre del editor, distribuidor, etc. Hoepli,
Fecha de publicación, distribución, etc. 1954.
300 ## - DESCRIPCIÓN FÍSICA
Extensión XXVII, 499 p. :
Otras características físicas il. ;
Dimensiones 16 cm +
Material acompañante/anejo 2 gráf. pleg.
650 #4 - PUNTO DE ACCESO ADICIONAL DE MATERIA--TÉRMINO DE MATERIA
Término de materia o nombre geográfico como elemento de entrada Instalaciones sanitarias.
9 (RLIN) 150974
700 1# - ENTRADA AGREGADA--NOMBRE PERSONAL
Nombre de persona Strohmenger, G.
9 (RLIN) 108449
700 1# - ENTRADA AGREGADA--NOMBRE PERSONAL
Nombre de persona Fortet Gay, Ramón.
9 (RLIN) 51856
852 ## - LOCALIZACIÓN
Ubicación ES-MaACL
Número de control de estantería C-8562
Sublocalización o colección R.36743
Holdings
Estatus retirado Estado de pérdida Estado de daño No para préstamo Biblioteca de origen Biblioteca actual Ubicación en estantería Fecha de adquisición Fuente de adquisición Total de préstamos Signatura topográfica completa Código de barras Visto por última vez Precio de reemplazo Tipo de ítem Koha
        Biblioteca del Ateneo de Madrid Biblioteca del Ateneo de Madrid Sala Palomar 17/01/2008     C-8562 1141885 23/02/2023 23/02/2023 Libro impreso